000 01174nam a2200277Ia 4500
001 Z_6129
008 220601s9999 xx 000 0 und d
020 _a978-968-24-8006-5
082 _a636.214 B685 2009
245 _aBovinos de leche / Johan H. Koeslag; colaborador A. Fernán Castellanos Echeverría; revisión Johan D. Berlijn
250 _a3a ed.
260 _aMéxico : Trillas
300 _a117 p.
440 _aManuales para educación agropecuaria : área producción animal
500 _aLa Biblioteca cuenta con la 3a reimpresión de 2009Basado en el trabajo de Johan H. Koeslag. Este manaual ha sido elaborado dentro de un proyecto de cooperación técnica internacional de la DGETA, SEP, FAO Y PNUD
503 _aej.1 - ej.5: C/E \ ej.6 - ej.7: consumo
504 _aIncluye índice
650 _a1. Ganado de leche - Manuales
650 _aEstablos lecheros - Manuales
700 _aKoeslag, Johan H. \ Castellanos Echeverría, A. Fernán, colab. \ Berlijn, Johan D., rev.Ì
_9180403
901 _a636.214 B685 2009
902 _aM
905 _a5232222009 2008 mx an 8221113311spa16
942 _c1
999 _c217003
_d217003